| 000 | 00916nam a22002897i 4500 | ||
|---|---|---|---|
| 999 |
_c22885 _d22885 |
||
| 003 | AR-CdUCM | ||
| 008 | 240509b20232023 pe||||| |||| 00| 0 spa d | ||
| 020 | _a978-612-49087-1-2 | ||
| 040 |
_aMUNICIPALIDAD PROVINCIAL DEL CUSCO _cBIBLIOTECA MUNICIPAL DEL CUSCO |
||
| 082 |
_a869.51 / V78M _bV78M |
||
| 100 |
_aVizcarra Chávez, Ana Bertha. _949774 |
||
| 245 | _aManual del guerrillero / | ||
| 260 |
_aCusco : _bCorporación Khipu S.A.C., _c2023 |
||
| 300 |
_a187 páginas. : _c18 cm. |
||
| 650 |
_aPoemas del 1 al 20 _949775 |
||
| 650 |
_aManual del guerrillero _949776 |
||
| 650 |
_aBlancas azucenas _949777 |
||
| 650 |
_aMagia del amor _949778 |
||
| 650 |
_aClorinda Matto _910777 |
||
| 650 |
_aEquidad _96500 |
||
| 650 |
_aTiernos choclos _949779 |
||
| 650 |
_aVen arcoíris _949780 |
||
| 650 |
_aAnde peruano _92987 |
||
| 856 | _fwww.khipu.edu.pe | ||
| 942 |
_2ddc _cLIBROS |
||
| 945 |
_apbj _d2024-05-09 |
||